| 000 | 00724cam a22002295a 4500 | ||
|---|---|---|---|
| 001 | L160201 | ||
| 008 | 181205s2012 xxk f 000 0 eng d | ||
| 020 | _a9781842197820 | ||
| 035 | _a(Sirsi) u160201 | ||
| 041 | 0 | _aeng | |
| 100 | 1 | _aTaylor, Anthony | |
| 245 | 0 | 0 |
_aBusiness continuity management _bPlanning for business resilience |
| 260 |
_aLondon _bRICS _c2012 |
||
| 520 | _aProvides background information on business continuity and incident management should disasters or incidents occur. | ||
| 590 | _aKA | ||
| 650 | 2 | 4 | _aDISASTER PLANNING |
| 650 | 2 | 4 | _aINCIDENT MANAGEMENT |
| 650 | 2 | 4 | _aBUSINESS CONTIGENCY PLANNING |
| 651 | 4 | _aENGLAND AND WALES | |
| 690 |
_aBusiness and management _96226 |
||
| 942 | _n0 | ||
| 999 |
_c116274 _d116274 |
||